[Event "ODJM B 2023"]
[Site "Willingen GER"]
[Date "2023.06.03"]
[Round "9"]
[White "Hoffmann, Alexander"]
[Black "Andresen, Eric"]
[Result "1/2-1/2"]
[Termination "normal"]
[Board "21"]
[WhiteElo "1568"]
[BlackElo "1526"]
[WhiteClock "00:25:32"]
[BlackClock "00:12:52"]
[PlyCount "105"]
[WhiteFideId "16240219"]
[BlackFideId "34641360"]
[EventCountry "GER"]
[EventRounds "9"]
[EventType "swiss"]
[EventDate "2023.05.27"]

1. c4 {[%clk 01:30:58]} {[%emt 00:00:02]} c5 {[%clk 01:30:55]} {[%emt
00:00:06]} 2. g3 {[%clk 01:31:22]} {[%emt 00:00:05]} g6 {[%clk 01:31:20]}
{[%emt 00:00:06]} 3. Bg2 {[%clk 01:31:44]} {[%emt 00:00:06]} Bg7 {[%clk
01:31:38]} {[%emt 00:00:13]} 4. Nf3 {[%clk 01:32:00]} {[%emt 00:00:13]} Nc6
{[%clk 01:32:01]} {[%emt 00:00:09]} 5. Nc3 {[%clk 01:32:13]} {[%emt 00:00:16]}
e6 {[%clk 01:32:17]} {[%emt 00:00:14]} 6. e3 {[%clk 01:30:52]} {[%emt
00:01:50]} Nge7 {[%clk 01:31:49]} {[%emt 00:00:59]} 7. d4 {[%clk 01:26:32]}
{[%emt 00:04:51]} cxd4 {[%clk 01:30:07]} {[%emt 00:02:12]} 8. Nxd4 {[%clk
01:26:35]} {[%emt 00:00:27]} Nxd4 {[%clk 01:28:46]} {[%emt 00:01:50]} 9. exd4
{[%clk 01:26:54]} {[%emt 00:00:10]} d5 {[%clk 01:29:09]} {[%emt 00:00:08]} 10.
cxd5 {[%clk 01:26:26]} {[%emt 00:00:58]} Nxd5 {[%clk 01:29:19]} {[%emt
00:00:21]} 11. Nxd5 {[%clk 01:26:40]} {[%emt 00:00:15]} exd5 {[%clk 01:29:35]}
{[%emt 00:00:14]} 12. Qa4+ {[%clk 01:20:03]} {[%emt 00:07:07]} Bd7 {[%clk
01:22:47]} {[%emt 00:07:18]} 13. Qb4 {[%clk 01:17:48]} {[%emt 00:02:46]} Qe7+
{[%clk 01:10:42]} {[%emt 00:12:34]} 14. Qxe7+ {[%clk 01:17:25]} {[%emt
00:00:52]} Kxe7 {[%clk 01:11:11]} {[%emt 00:00:02]} 15. Bxd5 {[%clk 01:10:27]}
{[%emt 00:07:28]} Bxd4 {[%clk 01:11:07]} {[%emt 00:00:34]} 16. O-O {[%clk
00:57:37]} {[%emt 00:13:20]} Rhe8 {[%clk 01:05:15]} {[%emt 00:06:23]} 17. Rd1
{[%clk 00:53:39]} {[%emt 00:04:27]} Bf6 {[%clk 00:42:42]} {[%emt 00:23:03]} 18.
Bxf7 {[%clk 00:48:08]} {[%emt 00:06:00]} Kxf7 {[%clk 00:40:39]} {[%emt
00:02:33]} 19. Rxd7+ {[%clk 00:47:37]} {[%emt 00:01:02]} Re7 {[%clk 00:41:01]}
{[%emt 00:00:09]} 20. Rxe7+ {[%clk 00:46:41]} {[%emt 00:01:26]} Kxe7 {[%clk
00:41:28]} {[%emt 00:00:02]} 21. Be3 {[%clk 00:41:51]} {[%emt 00:05:20]} b6
{[%clk 00:36:13]} {[%emt 00:05:45]} 22. Re1 {[%clk 00:36:39]} {[%emt 00:05:42]}
Kf7 {[%clk 00:33:31]} {[%emt 00:03:12]} 23. Rc1 {[%clk 00:36:25]} {[%emt
00:00:44]} Bxb2 {[%clk 00:30:50]} {[%emt 00:03:10]} 24. Rc7+ {[%clk 00:35:25]}
{[%emt 00:01:31]} Kg8 {[%clk 00:31:10]} {[%emt 00:00:10]} 25. Kg2 {[%clk
00:31:33]} {[%emt 00:04:21]} Be5 {[%clk 00:23:01]} {[%emt 00:08:39]} 26. Rb7
{[%clk 00:29:33]} {[%emt 00:02:31]} Rb8 {[%clk 00:15:00]} {[%emt 00:08:32]} 27.
Rxa7 {[%clk 00:28:36]} {[%emt 00:01:26]} b5 {[%clk 00:15:09]} {[%emt 00:00:21]}
28. Kf3 {[%clk 00:25:02]} {[%emt 00:04:03]} b4 {[%clk 00:13:33]} {[%emt
00:02:07]} 29. Ke4 {[%clk 00:23:50]} {[%emt 00:01:43]} Bf6 {[%clk 00:11:07]}
{[%emt 00:02:56]} 30. Bf4 {[%clk 00:22:46]} {[%emt 00:01:33]} Rb5 {[%clk
00:10:03]} {[%emt 00:01:34]} 31. Ra8+ {[%clk 00:22:33]} {[%emt 00:00:43]} Kg7
{[%clk 00:08:16]} {[%emt 00:02:17]} 32. Rb8 {[%clk 00:22:48]} {[%emt 00:00:15]}
Ra5 {[%clk 00:06:55]} {[%emt 00:01:51]} 33. Rxb4 {[%clk 00:19:08]} {[%emt
00:04:10]} Rxa2 {[%clk 00:07:04]} {[%emt 00:00:21]} 34. Rb7+ {[%clk 00:18:32]}
{[%emt 00:01:06]} Kg8 {[%clk 00:07:02]} {[%emt 00:00:32]} 35. Be3 {[%clk
00:18:17]} {[%emt 00:00:45]} Ra5 {[%clk 00:05:44]} {[%emt 00:01:48]} 36. g4
{[%clk 00:13:14]} {[%emt 00:05:33]} g5 {[%clk 00:01:43]} {[%emt 00:04:31]} 37.
Rc7 {[%clk 00:10:37]} {[%emt 00:03:07]} Rb5 {[%emt 00:03:39]} 38. Rc5 {[%clk
00:08:59]} Rxc5 {[%clk 00:00:33]} {[%emt 00:00:39]} 39. Bxc5 {[%clk 00:09:21]}
{[%emt 00:00:08]} Kf7 {[%clk 00:00:44]} {[%emt 00:00:19]} 40. Kf5 {[%clk
00:09:17]} {[%emt 00:00:34]} h6 {[%emt 00:00:56]} 41. Be3 {[%clk 00:09:14]} Kg7
{[%clk 00:27:57]} {[%emt 00:03:23]} 42. f3 {[%clk 00:36:28]} {[%emt 00:03:17]}
Bd8 {[%clk 00:27:35]} {[%emt 00:00:51]} 43. Bf2 {[%clk 00:36:38]} {[%emt
00:00:20]} Bf6 {[%clk 00:22:35]} {[%emt 00:05:31]} 44. Bg3 {[%clk 00:33:05]}
{[%emt 00:04:03]} Bd8 {[%clk 00:19:48]} {[%emt 00:03:17]} 45. Be5+ {[%clk
00:32:04]} {[%emt 00:01:30]} Kf7 {[%clk 00:19:42]} {[%emt 00:00:36]} 46. h4
{[%clk 00:31:44]} {[%emt 00:00:50]} gxh4 {[%clk 00:18:56]} {[%emt 00:01:16]}
47. Ke4 {[%clk 00:30:04]} {[%emt 00:02:10]} Bb6 {[%clk 00:16:28]} {[%emt
00:02:59]} 48. Bh2 {[%clk 00:29:45]} {[%emt 00:00:49]} Kf6 {[%clk 00:15:37]}
{[%emt 00:01:21]} 49. f4 {[%clk 00:28:32]} {[%emt 00:01:43]} Bd8 {[%clk
00:13:12]} {[%emt 00:02:55]} 50. Kf3 {[%clk 00:26:30]} {[%emt 00:02:32]} Kg6
{[%clk 00:12:54]} {[%emt 00:00:48]} 51. Kg2 {[%clk 00:25:13]} {[%emt 00:01:46]}
h5 {[%clk 00:12:46]} {[%emt 00:00:39]} 52. g5 {[%clk 00:25:12]} {[%emt
00:00:31]} Bxg5 {[%clk 00:12:52]} {[%emt 00:00:23]} 53. fxg5 {[%clk 00:25:32]}
{[%emt 00:00:10]} 1/2-1/2

[Event "ODJM B 2023"]
[Site "Willingen GER"]
[Date "2023.06.03"]
[Round "9"]
[White "Kauth, Lukas Michael"]
[Black "Jansen, Malte"]
[Result "0-1"]
[Termination "normal"]
[Board "22"]
[WhiteElo "1315"]
[BlackElo "1503"]
[WhiteClock "00:03:39"]
[BlackClock "00:29:36"]
[PlyCount "80"]
[WhiteFideId "16272994"]
[BlackFideId "16295137"]
[EventCountry "GER"]
[EventRounds "9"]
[EventType "swiss"]
[EventDate "2023.05.27"]

1. d4 {[%clk 01:30:57]} {[%emt 00:00:02]} d5 {[%clk 01:30:40]} {[%emt
00:00:20]} 2. Nc3 {[%clk 01:31:22]} {[%emt 00:00:05]} Nf6 {[%clk 01:30:43]}
{[%emt 00:00:27]} 3. Bf4 {[%clk 01:31:46]} {[%emt 00:00:06]} Bf5 {[%clk
01:30:22]} {[%emt 00:00:50]} 4. e3 {[%clk 01:32:10]} {[%emt 00:00:07]} e6
{[%clk 01:29:38]} {[%emt 00:01:14]} 5. Nf3 {[%clk 01:32:31]} {[%emt 00:00:09]}
Bd6 {[%clk 01:27:50]} {[%emt 00:02:18]} 6. Ne5 {[%clk 01:32:15]} {[%emt
00:00:46]} Nbd7 {[%clk 01:25:52]} {[%emt 00:02:28]} 7. Be2 {[%clk 01:30:32]}
{[%emt 00:02:12]} Bxe5 {[%clk 01:23:50]} {[%emt 00:02:33]} 8. dxe5 {[%emt
00:00:07]} Ne4 {[%clk 01:23:41]} {[%emt 00:00:37]} 9. g4 {[%clk 01:29:51]}
{[%emt 00:01:36]} Nxc3 {[%clk 01:21:26]} {[%emt 00:02:46]} 10. bxc3 {[%clk
01:30:16]} {[%emt 00:00:04]} Bg6 {[%clk 01:21:35]} {[%emt 00:00:20]} 11. h4
{[%clk 01:30:41]} {[%emt 00:00:06]} f6 {[%clk 01:17:26]} {[%emt 00:04:39]} 12.
h5 {[%clk 01:17:40]} {[%emt 00:13:31]} Bf7 {[%clk 01:16:48]} {[%emt 00:01:07]}
13. exf6 {[%clk 01:17:19]} {[%emt 00:00:51]} gxf6 {[%clk 01:14:34]} {[%emt
00:02:44]} 14. Bg3 {[%clk 01:13:51]} {[%emt 00:03:58]} Nc5 {[%clk 01:08:27]}
{[%emt 00:06:38]} 15. Qd4 {[%clk 01:07:08]} {[%emt 00:07:13]} Ne4 {[%clk
01:06:22]} {[%emt 00:02:35]} 16. Bh4 {[%clk 01:06:07]} {[%emt 00:01:31]} e5
{[%clk 01:05:12]} {[%emt 00:01:40]} 17. Qa4+ {[%clk 01:06:04]} {[%emt
00:00:32]} c6 {[%clk 01:05:18]} {[%emt 00:00:25]} 18. Qb3 {[%clk 00:54:18]}
{[%emt 00:12:17]} Qe7 {[%clk 01:00:16]} {[%emt 00:05:31]} 19. c4 {[%clk
00:44:51]} {[%emt 00:09:57]} Rf8 {[%clk 00:49:01]} {[%emt 00:11:44]} 20. O-O-O
{[%clk 00:35:53]} {[%emt 00:09:29]} dxc4 {[%clk 00:44:59]} {[%emt 00:04:33]}
21. Bxc4 {[%clk 00:35:56]} {[%emt 00:00:27]} Bxc4 {[%clk 00:45:18]} {[%emt
00:00:10]} 22. Qxc4 {[%clk 00:36:10]} {[%emt 00:00:16]} Qa3+ {[%clk 00:45:41]}
{[%emt 00:00:07]} 23. Kb1 {[%clk 00:36:24]} {[%emt 00:00:16]} Nc3+ {[%clk
00:45:59]} {[%emt 00:00:11]} 24. Ka1 {[%clk 00:36:40]} {[%emt 00:00:15]} Nxd1
{[%clk 00:45:51]} {[%emt 00:00:37]} 25. Rxd1 {[%clk 00:36:54]} {[%emt
00:00:16]} Rd8 {[%clk 00:45:36]} {[%emt 00:00:45]} 26. Rb1 {[%clk 00:34:24]}
{[%emt 00:03:00]} Rf7 {[%clk 00:43:16]} {[%emt 00:02:50]} 27. g5 {[%clk
00:32:33]} {[%emt 00:02:22]} fxg5 {[%clk 00:40:23]} {[%emt 00:03:23]} 28. Bxg5
{[%clk 00:32:58]} {[%emt 00:00:05]} Rd5 {[%clk 00:40:12]} {[%emt 00:00:41]} 29.
e4 {[%clk 00:32:36]} {[%emt 00:00:53]} Qc5 {[%clk 00:39:57]} {[%emt 00:00:44]}
30. Qb3 {[%clk 00:27:12]} {[%emt 00:05:54]} Rd6 {[%clk 00:38:42]} {[%emt
00:01:45]} 31. Be3 {[%clk 00:27:06]} {[%emt 00:00:36]} Qa5 {[%clk 00:37:44]}
{[%emt 00:01:27]} 32. c4 {[%clk 00:26:51]} {[%emt 00:00:45]} c5 {[%clk
00:35:58]} {[%emt 00:02:17]} 33. Rg1 {[%clk 00:24:09]} {[%emt 00:03:12]} b6
{[%clk 00:33:26]} {[%emt 00:03:02]} 34. Rg8+ {[%clk 00:23:27]} {[%emt
00:01:12]} Kd7 {[%clk 00:33:07]} {[%emt 00:00:49]} 35. Kb2 {[%clk 00:09:23]}
{[%emt 00:14:34]} Kc7 {[%clk 00:30:18]} {[%emt 00:03:19]} 36. Qb5 {[%clk
00:04:54]} {[%emt 00:04:59]} Rxf2+ {[%clk 00:27:48]} {[%emt 00:03:00]} 37. Bxf2
{[%clk 00:02:57]} {[%emt 00:03:04]} Rd2+ {[%clk 00:28:35]} {[%emt 00:00:07]}
38. Kc1 {[%clk 00:03:05]} {[%emt 00:00:21]} Qc3+ {[%clk 00:28:59]} {[%emt
00:00:06]} 39. Kb1 {[%clk 00:03:33]} {[%emt 00:00:03]} Qc2+ {[%clk 00:29:17]}
{[%emt 00:00:11]} 40. Ka1 {[%clk 00:03:39]} {[%emt 00:00:28]} Qxa2# {[%clk
00:29:36]} {[%emt 00:00:12]} 0-1

[Event "ODJM B 2023"]
[Site "Willingen GER"]
[Date "2023.06.03"]
[Round "9"]
[White "Link, Moritz"]
[Black "Heitmann, Erik"]
[Result "1-0"]
[Termination "normal"]
[Board "23"]
[WhiteElo "1589"]
[BlackElo "1236"]
[WhiteClock "00:24:43"]
[BlackClock "01:09:57"]
[PlyCount "91"]
[WhiteFideId "34605924"]
[BlackFideId "34608940"]
[EventCountry "GER"]
[EventRounds "9"]
[EventType "swiss"]
[EventDate "2023.05.27"]

1. e4 {[%clk 01:30:40]} {[%emt 00:00:19]} c5 {[%clk 01:30:56]} {[%emt
00:00:04]} 2. Nc3 {[%clk 01:31:09]} {[%emt 00:00:01]} d6 {[%clk 01:31:10]}
{[%emt 00:00:17]} 3. d4 {[%clk 01:31:33]} {[%emt 00:00:06]} cxd4 {[%clk
01:30:55]} {[%emt 00:00:44]} 4. Qxd4 {[%clk 01:32:02]} {[%emt 00:00:02]} e5
{[%clk 01:29:54]} {[%emt 00:01:30]} 5. Qd2 {[%clk 01:32:24]} {[%emt 00:00:08]}
a6 {[%clk 01:30:10]} {[%emt 00:00:15]} 6. b3 {[%clk 01:31:51]} {[%emt
00:01:04]} Nf6 {[%clk 01:30:14]} {[%emt 00:00:25]} 7. Bb2 {[%clk 01:31:55]}
{[%emt 00:00:26]} Be7 {[%clk 01:30:11]} {[%emt 00:00:33]} 8. O-O-O {[%clk
01:26:23]} {[%emt 00:06:02]} Nbd7 {[%clk 01:29:11]} {[%emt 00:01:30]} 9. Kb1
{[%clk 01:23:30]} {[%emt 00:03:23]} O-O {[%emt 00:00:22]} 10. f3 {[%clk
01:23:12]} {[%emt 00:00:46]} Nc5 {[%clk 01:27:25]} {[%emt 00:02:25]} 11. g4
{[%clk 01:22:11]} {[%emt 00:01:31]} Ne8 {[%clk 01:26:40]} {[%emt 00:01:15]} 12.
Nd5 {[%clk 00:53:00]} {[%emt 00:29:42]} Bg5 {[%clk 01:24:25]} {[%emt 00:02:44]}
13. Qg2 {[%clk 00:51:43]} {[%emt 00:01:46]} Nc7 {[%emt 00:03:46]} 14. Nb6
{[%clk 00:47:54]} {[%emt 00:04:17]} Ra7 {[%clk 01:21:16]} {[%emt 00:00:26]} 15.
Bxe5 {[%clk 00:48:07]} {[%emt 00:00:17]} Ne8 {[%clk 01:20:10]} {[%emt
00:01:36]} 16. Nxc8 {[%clk 00:46:30]} {[%emt 00:02:07]} Qxc8 {[%clk 01:20:29]}
{[%emt 00:00:12]} 17. Bd4 {[%clk 00:46:17]} {[%emt 00:00:42]} b6 {[%clk
01:18:32]} {[%emt 00:02:28]} 18. h4 {[%clk 00:46:12]} {[%emt 00:00:34]} Bf4
{[%clk 01:18:45]} {[%emt 00:00:18]} 19. Ne2 {[%clk 00:44:16]} {[%emt 00:02:26]}
Be5 {[%clk 01:18:45]} {[%emt 00:00:30]} 20. f4 {[%clk 00:44:15]} {[%emt
00:00:30]} Bxd4 {[%clk 01:18:51]} {[%emt 00:00:24]} 21. Nxd4 {[%clk 00:44:44]}
{[%emt 00:00:01]} Nf6 {[%clk 01:18:08]} {[%emt 00:01:14]} 22. e5 {[%clk
00:38:58]} {[%emt 00:06:16]} dxe5 {[%clk 01:15:03]} {[%emt 00:03:34]} 23. fxe5
{[%clk 00:39:13]} {[%emt 00:00:15]} Nxg4 {[%clk 01:12:01]} {[%emt 00:03:32]}
24. Rg1 {[%clk 00:39:08]} {[%emt 00:00:36]} h5 {[%clk 01:10:41]} {[%emt
00:01:50]} 25. Be2 {[%clk 00:37:08]} {[%emt 00:02:29]} f5 {[%clk 01:09:45]}
{[%emt 00:01:25]} 26. Bxg4 {[%clk 00:29:08]} {[%emt 00:08:31]} fxg4 {[%clk
01:09:27]} {[%emt 00:00:48]} 27. Qd5+ {[%clk 00:29:28]} {[%emt 00:00:10]} Kh7
{[%clk 01:09:04]} {[%emt 00:00:52]} 28. e6 {[%clk 00:29:48]} {[%emt 00:00:11]}
Re7 {[%emt 00:01:18]} 29. Qxh5+ {[%clk 00:27:59]} {[%emt 00:02:18]} Kg8 {[%clk
01:08:26]} {[%emt 00:00:19]} 30. Nf5 {[%clk 00:23:19]} {[%emt 00:05:12]} Rxe6
{[%clk 01:07:07]} {[%emt 00:01:49]} 31. Qxg4 {[%clk 00:23:37]} {[%emt
00:00:13]} Rf7 {[%clk 01:06:04]} {[%emt 00:01:33]} 32. Nxg7 {[%clk 00:22:53]}
{[%emt 00:01:13]} Kf8 {[%clk 01:06:16]} {[%emt 00:00:18]} 33. Nxe6+ {[%clk
00:23:02]} {[%emt 00:00:21]} Nxe6 {[%clk 01:06:05]} {[%emt 00:00:41]} 34. Qg8+
{[%clk 00:23:13]} {[%emt 00:00:19]} Ke7 {[%clk 01:06:34]} 35. Qxc8 {[%clk
00:23:30]} {[%emt 00:00:13]} Kf6 {[%clk 01:06:52]} {[%emt 00:00:13]} 36. Rde1
{[%clk 00:23:27]} {[%emt 00:00:31]} Re7 {[%clk 01:07:10]} {[%emt 00:00:13]} 37.
Qc3+ {[%clk 00:23:21]} {[%emt 00:00:36]} Kf7 {[%clk 01:07:32]} {[%emt
00:00:08]} 38. Qh8 {[%clk 00:22:52]} {[%emt 00:00:59]} b5 {[%clk 01:07:52]}
{[%emt 00:00:10]} 39. Rgf1+ {[%clk 00:22:59]} {[%emt 00:00:23]} Kg6 {[%clk
01:08:15]} {[%emt 00:00:07]} 40. Qf6+ {[%clk 00:23:09]} {[%emt 00:00:19]} Kh7
{[%clk 01:08:18]} {[%emt 00:00:27]} 41. Qxe7+ {[%clk 00:23:34]} {[%emt
00:00:07]} Kg6 {[%emt 00:00:10]} 42. Rf6+ {[%clk 00:23:40]} {[%emt 00:00:22]}
Kh5 {[%clk 01:09:01]} {[%emt 00:00:06]} 43. Qh7+ {[%clk 00:23:38]} {[%emt
00:00:34]} Kg4 {[%clk 01:09:25]} {[%emt 00:00:06]} 44. Rg1+ {[%clk 00:23:59]}
{[%emt 00:00:09]} Kh3 {[%clk 01:09:45]} {[%emt 00:00:10]} 45. Qd3+ {[%clk
00:24:21]} {[%emt 00:00:07]} Kh2 {[%clk 01:09:57]} {[%emt 00:00:18]} 46. Qg3+
{[%clk 00:24:43]} {[%emt 00:00:09]} 1-0

[Event "ODJM B 2023"]
[Site "Willingen GER"]
[Date "2023.06.03"]
[Round "9"]
[White "Krömer, Emanuel"]
[Black "Direk, Oguzhan"]
[Result "1-0"]
[Termination "normal"]
[Board "24"]
[WhiteElo "1496"]
[BlackElo "1553"]
[WhiteClock "01:05:44"]
[BlackClock "01:23:04"]
[PlyCount "33"]
[WhiteFideId "16287070"]
[BlackFideId "16294343"]
[EventCountry "GER"]
[EventRounds "9"]
[EventType "swiss"]
[EventDate "2023.05.27"]

1. d4 {[%clk 01:30:59]} d5 {[%clk 01:30:56]} {[%emt 00:00:05]} 2. c4 {[%clk
01:31:26]} {[%emt 00:00:03]} e6 {[%clk 01:31:19]} {[%emt 00:00:06]} 3. Nc3
{[%clk 01:31:45]} {[%emt 00:00:11]} c6 {[%clk 01:31:48]} {[%emt 00:00:02]} 4.
Bf4 {[%clk 01:32:03]} {[%emt 00:00:10]} dxc4 {[%clk 01:31:54]} {[%emt
00:00:25]} 5. a4 {[%clk 01:31:49]} {[%emt 00:00:44]} Bb4 {[%clk 01:32:23]}
{[%emt 00:00:02]} 6. e3 {[%clk 01:31:53]} {[%emt 00:00:26]} b5 {[%clk
01:32:22]} {[%emt 00:00:30]} 7. axb5 {[%clk 01:31:34]} {[%emt 00:00:50]} cxb5
{[%clk 01:32:50]} {[%emt 00:00:02]} 8. Qc2 {[%clk 01:31:48]} {[%emt 00:00:16]}
Bxc3+ {[%clk 01:31:30]} {[%emt 00:01:49]} 9. Qxc3 {[%clk 01:31:49]} {[%emt
00:00:29]} Bb7 {[%clk 01:30:26]} {[%emt 00:01:35]} 10. b3 {[%clk 01:29:45]}
{[%emt 00:02:34]} cxb3 {[%clk 01:29:04]} {[%emt 00:01:51]} 11. Bxb5+ {[%clk
01:29:38]} {[%emt 00:00:38]} Nd7 {[%clk 01:29:22]} {[%emt 00:00:12]} 12. Nf3
{[%clk 01:28:55]} {[%emt 00:01:12]} Ngf6 {[%clk 01:28:23]} {[%emt 00:01:29]}
13. O-O {[%clk 01:23:18]} {[%emt 00:06:08]} Nd5 {[%clk 01:27:13]} {[%emt
00:01:39]} 14. Qxb3 {[%clk 01:18:03]} {[%emt 00:05:45]} Nxf4 {[%clk 01:26:18]}
{[%emt 00:01:25]} 15. Ne5 {[%clk 01:17:51]} {[%emt 00:00:42]} Bc8 {[%clk
01:23:43]} {[%emt 00:03:05]} 16. Bc6 {[%clk 01:05:30]} {[%emt 00:12:52]} Rb8
{[%clk 01:23:04]} {[%emt 00:01:08]} 17. Qxb8 {[%clk 01:05:44]} {[%emt
00:00:16]} 1-0

[Event "ODJM B 2023"]
[Site "Willingen GER"]
[Date "2023.06.03"]
[Round "9"]
[White "Duchstein, Anna"]
[Black "Derhay, Davyd"]
[Result "0-1"]
[Termination "normal"]
[Board "25"]
[WhiteElo "1568"]
[BlackElo "1376"]
[WhiteClock "00:15:13"]
[BlackClock "00:43:50"]
[PlyCount "106"]
[WhiteFideId "16261372"]
[BlackFideId "34130624"]
[EventCountry "GER"]
[EventRounds "9"]
[EventType "swiss"]
[EventDate "2023.05.27"]

1. Nf3 {[%clk 01:30:30]} {[%emt 01:07:00]} d5 {[%clk 01:30:30]} {[%emt
00:00:08]} 2. g3 {[%clk 01:30:30]} {[%emt 00:00:10]} c5 {[%clk 01:30:30]}
{[%emt 00:01:30]} 3. Bg2 {[%clk 01:30:30]} {[%emt 00:00:16]} Nc6 {[%clk
01:29:57]} {[%emt 00:03:17]} 4. d4 {[%clk 01:30:18]} {[%emt 00:00:42]} Nf6
{[%clk 01:28:26]} {[%emt 00:02:01]} 5. O-O {[%clk 01:30:26]} {[%emt 00:00:22]}
Bf5 {[%clk 01:28:37]} {[%emt 00:00:19]} 6. c4 {[%clk 01:23:51]} {[%emt
00:07:05]} e6 {[%clk 01:28:14]} {[%emt 00:00:54]} 7. Nc3 {[%clk 01:22:45]}
{[%emt 00:01:35]} Nb4 {[%clk 01:23:45]} {[%emt 00:04:59]} 8. Bg5 {[%clk
01:21:24]} {[%emt 00:01:51]} Be7 {[%clk 01:14:49]} {[%emt 00:09:25]} 9. dxc5
{[%clk 01:20:25]} {[%emt 00:01:30]} Nc2 {[%clk 01:11:32]} {[%emt 00:03:46]} 10.
Rc1 {[%clk 01:19:33]} {[%emt 00:01:22]} dxc4 {[%clk 01:11:18]} {[%emt
00:00:45]} 11. Nh4 {[%clk 01:15:35]} {[%emt 00:04:28]} Nd4 {[%clk 01:06:59]}
{[%emt 00:04:48]} 12. Qa4+ {[%clk 01:12:59]} {[%emt 00:03:06]} Nd7 {[%clk
01:05:01]} {[%emt 00:02:29]} 13. Nxf5 {[%clk 01:11:00]} {[%emt 00:02:30]} Nxf5
{[%clk 01:03:23]} {[%emt 00:02:08]} 14. Bxe7 {[%clk 01:07:30]} {[%emt
00:03:59]} Nxe7 {[%clk 01:00:41]} {[%emt 00:03:12]} 15. Bxb7 {[%clk 01:04:49]}
{[%emt 00:03:11]} Rb8 {[%clk 00:59:10]} {[%emt 00:02:02]} 16. c6 {[%clk
01:03:34]} {[%emt 00:01:44]} Nc5 {[%clk 00:59:16]} {[%emt 00:00:23]} 17. Qxc4
{[%clk 01:01:23]} {[%emt 00:02:42]} Qd6 {[%clk 00:57:11]} {[%emt 00:02:35]} 18.
Rfd1 {[%clk 01:00:53]} {[%emt 00:01:00]} Qe5 {[%clk 00:57:32]} {[%emt
00:00:08]} 19. Nb5 {[%clk 00:59:16]} {[%emt 00:02:07]} Nxb7 {[%clk 00:56:36]}
{[%emt 00:01:26]} 20. cxb7 {[%clk 00:59:21]} {[%emt 00:00:25]} O-O {[%clk
00:56:44]} {[%emt 00:00:22]} 21. Rd7 {[%clk 00:56:48]} {[%emt 00:03:03]} Nd5
{[%clk 00:56:09]} {[%emt 00:01:05]} 22. Qc5 {[%clk 00:50:35]} {[%emt 00:06:44]}
Qxe2 {[%clk 00:54:39]} {[%emt 00:02:00]} 23. Nc7 {[%clk 00:36:55]} {[%emt
00:14:09]} Nb6 {[%clk 00:52:22]} {[%emt 00:02:47]} 24. Rdd1 {[%clk 00:33:19]}
{[%emt 00:04:07]} Rxb7 {[%clk 00:49:29]} {[%emt 00:03:23]} 25. Nb5 {[%clk
00:30:47]} {[%emt 00:03:01]} Na4 {[%clk 00:48:17]} {[%emt 00:01:43]} 26. Qc4
{[%clk 00:23:24]} {[%emt 00:07:53]} Qxc4 {[%clk 00:48:20]} {[%emt 00:00:26]}
27. Rxc4 {[%clk 00:23:51]} {[%emt 00:00:04]} Nxb2 {[%clk 00:48:45]} {[%emt
00:00:05]} 28. Nd6 {[%clk 00:24:10]} {[%emt 00:00:11]} Rd7 {[%clk 00:48:51]}
{[%emt 00:00:24]} 29. Rb1 {[%clk 00:24:07]} {[%emt 00:00:33]} Nxc4 {[%clk
00:48:27]} {[%emt 00:00:54]} 30. Nxc4 {[%clk 00:24:33]} {[%emt 00:00:03]} Rd4
{[%clk 00:48:17]} {[%emt 00:00:40]} 31. Ne5 {[%clk 00:23:39]} {[%emt 00:01:25]}
Ra4 {[%clk 00:48:19]} {[%emt 00:00:28]} 32. Rb2 {[%clk 00:23:41]} {[%emt
00:00:28]} g5 {[%clk 00:48:30]} {[%emt 00:00:19]} 33. h3 {[%clk 00:22:53]}
{[%emt 00:01:18]} Kg7 {[%clk 00:48:50]} {[%emt 00:00:10]} 34. Kg2 {[%clk
00:22:06]} {[%emt 00:01:17]} f6 {[%clk 00:47:40]} {[%emt 00:01:39]} 35. Nd7
{[%clk 00:21:53]} {[%emt 00:00:44]} Rc8 {[%clk 00:47:16]} {[%emt 00:00:53]} 36.
Nb8 {[%clk 00:18:22]} {[%emt 00:04:02]} Rc7 {[%clk 00:45:54]} {[%emt 00:01:52]}
37. Re2 {[%clk 00:17:04]} {[%emt 00:01:48]} Rc8 {[%clk 00:45:06]} {[%emt
00:01:18]} 38. Rb2 {[%clk 00:16:52]} {[%emt 00:00:42]} Rc7 {[%clk 00:43:49]}
{[%emt 00:01:47]} 39. Re2 {[%clk 00:16:22]} {[%emt 00:00:59]} Kf7 {[%clk
00:43:14]} {[%emt 00:01:05]} 40. Rd2 {[%clk 00:15:58]} {[%emt 00:00:55]} Ra5
{[%clk 00:43:08]} {[%emt 00:00:36]} 41. Rb2 {[%clk 00:15:51]} {[%emt 00:00:37]}
Ke7 {[%clk 00:42:54]} {[%emt 00:00:44]} 42. g4 {[%clk 00:15:01]} {[%emt
00:01:19]} Kd8 {[%clk 00:41:46]} {[%emt 00:01:37]} 43. Kg3 {[%clk 00:14:06]}
{[%emt 00:01:25]} Kc8 {[%clk 00:41:31]} {[%emt 00:00:46]} 44. Kg2 {[%clk
00:14:02]} {[%emt 00:00:34]} Rb7 {[%clk 00:41:18]} {[%emt 00:00:43]} 45. Rxb7
{[%clk 00:14:19]} {[%emt 00:00:13]} Kxb7 {[%clk 00:41:42]} {[%emt 00:00:05]}
46. Nd7 {[%clk 00:14:44]} {[%emt 00:00:05]} Kc7 {[%clk 00:41:48]} {[%emt
00:00:24]} 47. Nxf6 {[%clk 00:14:59]} {[%emt 00:00:15]} Rxa2 {[%clk 00:41:58]}
{[%emt 00:00:20]} 48. Nxh7 {[%clk 00:14:44]} {[%emt 00:00:46]} Ra5 {[%clk
00:42:15]} {[%emt 00:00:13]} 49. Nf6 {[%clk 00:14:34]} {[%emt 00:00:40]} Re5
{[%clk 00:42:20]} {[%emt 00:00:23]} 50. f3 {[%clk 00:14:31]} {[%emt 00:00:35]}
a5 {[%clk 00:42:46]} {[%emt 00:00:05]} 51. Ne4 {[%clk 00:14:42]} {[%emt
00:00:17]} Rxe4 {[%clk 00:43:03]} {[%emt 00:00:12]} 52. fxe4 {[%clk 00:15:04]}
{[%emt 00:00:10]} a4 {[%clk 00:43:30]} {[%emt 00:00:03]} 53. h4 {[%clk
00:15:13]} {[%emt 00:00:20]} a3 {[%clk 00:43:50]} {[%emt 00:00:11]} 0-1